Culture Générale - Série 2551 - Statistiques

Statistiques générales
  • Ce quiz a été pris 171 fois
  • Le résultat moyen est 5 sur 10
Statistiques - réponses
Question Réponse % Correct
Quelle est la capitale du Canada ? Ottawa
96%
De quel pays le yuan ou renminbi est-il la monnaie officielle ? Chine
85%
Quel nom mythique porte la forêt de Paimpont située en Bretagne ? Brocéliande
74%
Boutique de second rang : moins bien bâtie, adossée à un mur porteur existant. Aujourd'hui le terme s'utilise comme synonyme de magasin - 7 lettres commençant par " é " échoppe
54%
Avant le combat, que jettent les sumotoris au centre de la piste ? sel
50%
Après l'équitation, le tir au pistolet, la natation et le cross-country, quelle est la cinquième épreuve du pentathlon moderne ? escrime
27%
Quelle céréale est appelée "blé d'Inde" ? maïs
25%
Quel sport médiéval peut être considéré comme l'ancêtre du football et du rugby ? soule
17%
Quelle actrice est "Antoinette dans les Cévennes" en 2020 ? prénom et nom - voir photo Laure Calamy
16%
Mauvaise boisson - Bière de qualité inférieure - 6 lettres bibine
14%
Aucun quiz correspondant
Distribution des résultats
% des personnes avec chaque résultat
Percentile par nombre de réponses
Votre historique - résultats
Vous n’avez pas pris ce quiz